| 000 | 00492nam a22001817a 4500 | ||
|---|---|---|---|
| 003 | 0 | ||
| 005 | 20231124101526.0 | ||
| 008 | 231118b xxu||||| |||| 00| 0 eng d | ||
| 020 | _a978-0-545-62778-8 | ||
| 050 |
_aFic _bSt859 2015 |
||
| 082 |
_aFic _bSt859 2015 |
||
| 100 | _aStine, R.L | ||
| 245 |
_aGoosebumps: most wanted trick or trap _c R.L Stine |
||
| 260 |
_aLondon _bScholastic Inc., _cc2015. |
||
| 300 |
_a165 pages ; _c20 cm. |
||
| 650 | _aThriller--Fiction. | ||
| 942 |
_2ddc _cBK |
||
| 999 |
_c365636 _d365636 |
||